On interference phenomena at low intensities of light (Record no. 1833)

MARC details
000 -LEADER
fixed length control field 00472nam a2200181Ia 4500
003 - CONTROL NUMBER IDENTIFIER
control field IN-BaIIA
008 - FIXED-LENGTH DATA ELEMENTS--GENERAL INFORMATION
fixed length control field 211028s9999 xx 000 0 eng d
040 ## - CATALOGING SOURCE
Transcribing agency IIA Library
080 ## - UNIVERSAL DECIMAL CLASSIFICATION NUMBER
Universal Decimal Classification number 535.4
Item number JAN
100 ## - MAIN ENTRY--PERSONAL NAME
Personal name Janossy, L
9 (RLIN) 1958
245 #0 - TITLE STATEMENT
Title On interference phenomena at low intensities of light
Statement of responsibility, etc. L. Janossy and Zs Naray
260 ## - PUBLICATION, DISTRIBUTION, ETC.
Place of publication, distribution, etc. Budapest
Date of publication, distribution, etc. 1957
300 ## - PHYSICAL DESCRIPTION
Extent 63p.
650 ## - SUBJECT ADDED ENTRY--TOPICAL TERM
Topical term or geographic name entry element Light
9 (RLIN) 2428
650 ## - SUBJECT ADDED ENTRY--TOPICAL TERM
Topical term or geographic name entry element NASA thesaurus
700 ## - ADDED ENTRY--PERSONAL NAME
Personal name Naray, Zs
9 (RLIN) 3521
942 ## - ADDED ENTRY ELEMENTS (KOHA)
Koha item type Books
Holdings
Withdrawn status Lost status Damaged status Not for loan Home library Current library Shelving location Date acquired Total Checkouts Full call number Barcode Date last seen Price effective from Koha item type
        IIA Library-Bangalore IIA Library-Bangalore General Stacks     535.4/ JAN 2011 05/11/2021   Books

Powered by Koha